000 00645nam a2200229Ia 4500
003 OSt
005 20220918205317.0
006 a|||||r|||| 00| 0
007 ta
008 220917b |||||||| |||| 00| 0 eng d
024 _a116,087
037 _cTextual
040 _aARTS
_cARTS
_beng
041 _2eng
_aeng
082 _aV6.N64<-M79, M4
100 _aWilliams Richard Hodder
_9114735
245 0 _aIntroduction to the politics of tropical Africa
260 _aLondon
_bGeorge Allen And Unwin
_c1984
650 _aHISTORY
942 _hV6.N64<-M79, M4
_cTEXL
_2CC
999 _c239415
_d239415